| 000 | 00547nam a2200193 a 4500 | ||
|---|---|---|---|
| 005 | 20230602063759.0 | ||
| 008 | 130911s2011 mx r 000 0 spa d | ||
| 020 | _a9786071111418 | ||
| 035 | _aUPN01000192807 | ||
| 049 | _aCG | ||
| 050 | 4 |
_aPQ7297 S6 _bJ4.4 |
|
| 100 | 1 |
_aSolares, Ignacio, _d1945- _930500 |
|
| 245 | 1 | 3 |
_aEl jefe máximo / _cIgnacio Solares. |
| 260 |
_aMéxico : _bAlfaguara, _c2011. |
||
| 300 | _a223 p. | ||
| 650 | 4 |
_aNovela mexicana _94557 |
|
| 600 | 1 | 4 |
_aELIAS CALLES, PLUTARCO, _d1877-1945 - _vNOVELA _922598 |
| 905 | _aLibro | ||
| 999 |
_c164909 _d164909 |
||